| 000 | 00701cab a2200241 4500 | ||
|---|---|---|---|
| 001 | WB2834-38 | ||
| 008 | 090401t1992 xxu||||| |||| 00| 0 eng d | ||
| 035 | _a(Sirsi) u560 | ||
| 041 | _aeng | ||
| 245 | _aDistribution services | ||
| 260 | _c1992 | ||
| 300 | _aLOAN | ||
| 350 | _a0 | ||
| 490 |
_aFinancial Times _v3 September 1992, I-VI(6) |
||
| 520 | _aA survey of the European transport network whose operators are facing fierce competition and both technological and legal innovation. | ||
| 650 | _aDISTRIBUTION SERVICES | ||
| 650 | _aEUROPE | ||
| 650 | _aRETAIL DISTRIBUTION | ||
| 690 | _aSPECIAL REPORTS | ||
| 690 | _aTRANSPORT AND COMMUNICATIONS | ||
| 942 | _n0 | ||
| 948 | _c04/03/1997 | ||
| 999 |
_c264 _d264 |
||